000 00310nam a22001337a 4500
003 LK-CoDNM
005 20240821123241.0
008 240821b |||||||| |||| 00| 0 eng d
040 _aLK-CoDNM
_dLK-CoDNM
_eLK-CoDNM
080 _a7
_bJ37
245 _aGEORAPHICAL INDEX
300 _a216P . 28 CM
942 _cBK
999 _c148670
_d148670